<?xml version="1.0" encoding="UTF-8"?><?xml-stylesheet type="text/xsl" href="static/style.xsl"?><OAI-PMH xmlns="http://www.openarchives.org/OAI/2.0/" xmlns:xsi="http://www.w3.org/2001/XMLSchema-instance" xsi:schemaLocation="http://www.openarchives.org/OAI/2.0/ http://www.openarchives.org/OAI/2.0/OAI-PMH.xsd"><responseDate>2026-04-17T04:21:09Z</responseDate><request verb="GetRecord" identifier="oai:www.recercat.cat:2445/218810" metadataPrefix="marc">https://recercat.cat/oai/request</request><GetRecord><record><header><identifier>oai:recercat.cat:2445/218810</identifier><datestamp>2025-12-05T15:58:10Z</datestamp><setSpec>com_2072_1057</setSpec><setSpec>col_2072_478860</setSpec><setSpec>col_2072_478917</setSpec></header><metadata><record xmlns="http://www.loc.gov/MARC21/slim" xmlns:dcterms="http://purl.org/dc/terms/" xmlns:xsi="http://www.w3.org/2001/XMLSchema-instance" xmlns:doc="http://www.lyncode.com/xoai" xsi:schemaLocation="http://www.loc.gov/MARC21/slim http://www.loc.gov/standards/marcxml/schema/MARC21slim.xsd">
   <leader>00925njm 22002777a 4500</leader>
   <datafield ind2=" " ind1=" " tag="042">
      <subfield code="a">dc</subfield>
   </datafield>
   <datafield ind2=" " ind1=" " tag="720">
      <subfield code="a">Lao-López, Cristina</subfield>
      <subfield code="e">author</subfield>
   </datafield>
   <datafield ind2=" " ind1=" " tag="720">
      <subfield code="a">Garriga Comas, Neus</subfield>
      <subfield code="e">author</subfield>
   </datafield>
   <datafield ind2=" " ind1=" " tag="720">
      <subfield code="a">Goberna Tricas, Josefina</subfield>
      <subfield code="e">author</subfield>
   </datafield>
   <datafield ind2=" " ind1=" " tag="260">
      <subfield code="c">2025-02-14T19:12:09Z</subfield>
   </datafield>
   <datafield ind2=" " ind1=" " tag="260">
      <subfield code="c">2025-02-14T19:12:09Z</subfield>
   </datafield>
   <datafield ind2=" " ind1=" " tag="260">
      <subfield code="c">2024-12-01</subfield>
   </datafield>
   <datafield ind2=" " ind1=" " tag="260">
      <subfield code="c">2025-02-14T19:12:09Z</subfield>
   </datafield>
   <datafield ind2=" " ind1=" " tag="520">
      <subfield code="a">Objetivo: Analizar la evidencia científica existente sobre los factores asociados a un comportamiento de riesgo en hombres en relación al aumento de infecciones de transmisión sexual (ITS). Método: Revisión integradora mediante búsqueda bibliográfica en las bases de datos PubMed, WoS, CINHAL, Cochrane. Resultados/Discusión: Se identificaron 151 artículos aplicando los criterios de selección: artículos en inglés y español del 2015 al 2021. Tras lectura de título y resumen, se descartaron 128 artículos siendo 23 artículos los finales. Los Factores asociados clasificados según categorías guiadas por la adaptación del Modelo Precede-Proceed son: Factores predisponentes: uso de drogas, alcohol, múltiples parejas, diagnóstico de ITS, administración de la profilaxis post-exposición (PPE) y orientación sexual. Factores facilitadores del comportamiento de riesgo: relaciones sexuales sin protección, intercambio de jeringuillas. Factores reforzadores/ previsores de un cambio de conducta: diagnóstico precoz, utilización de la profilaxis preexposición (PrEP) e intervenciones educativas y programas de salud. Todos estos factores se tienen que considerar en un contexto sociodemográfico y cultural relacionándolos con la edad, país de origen, migración, trabajo o nivel de ingresos y nivel de estudios. Conclusión: La disminución de la prevalencia de las ITS se puede mejorar conociendo todos los factores asociados a un comportamiento de riesgo y incidir en ellos según la adaptación al método Precede-Proceed. Esto contribuye a la mejora de intervenciones educativas de los profesionales sanitarios en la incidencia y cambio del comportamiento sexual.</subfield>
   </datafield>
   <datafield tag="653" ind2=" " ind1=" ">
      <subfield code="a">Homes</subfield>
   </datafield>
   <datafield tag="653" ind2=" " ind1=" ">
      <subfield code="a">Conducta sexual</subfield>
   </datafield>
   <datafield tag="653" ind2=" " ind1=" ">
      <subfield code="a">Malalties de transmissió sexual</subfield>
   </datafield>
   <datafield tag="653" ind2=" " ind1=" ">
      <subfield code="a">Men</subfield>
   </datafield>
   <datafield tag="653" ind2=" " ind1=" ">
      <subfield code="a">Sexual behavior</subfield>
   </datafield>
   <datafield tag="653" ind2=" " ind1=" ">
      <subfield code="a">Sexually transmitted diseases</subfield>
   </datafield>
   <datafield ind2="0" ind1="0" tag="245">
      <subfield code="a">Factores asociados al aumento de infecciones de transmisión sexual en hombres: una revisión integradora</subfield>
   </datafield>
   <datafield ind2="0" ind1="0" tag="245">
      <subfield code="a">Factors associated with the increase in sexually transmitted infections in men: an integrative review</subfield>
   </datafield>
</record></metadata></record></GetRecord></OAI-PMH>